000 00311 a2200109 4500
001 ART_19407
005 20260410161922.0
008 260409a
245 1 0 _aPráctica societaria
100 1 _aMascheroni, Fernando H.
773 0 _tLa información
_g- Tomo XLI, Nº 603 (mar. 1980)
_wREV14902
999 _c27774
_d27774